000 00649nam a2200205Ia 4500
003 GCL
008 140319s9999 xx 000 0 ara d
040 _aGCL /
_cGCL
082 0 4 _aط
_b823.02
_bس ح
100 1 _aسهيل مقل
245 1 0 _aحيوانات احبها : حديقة الحيوان /
_cسهيل مقل
250 _aالاولى
260 _aسوريا :
_bدار ربيع للنشر ،
_c2003
300 _a ؛
_c26 سم
490 _aحيوانات احبها
_v0
650 0 4 _aالقصص القصيرة
650 0 4 _aالقصص الانجليزية المترجمة
650 0 4 _aقصص الاطفال
942 _2ddc
_cBK
999 _c10021
_d10021